Magyar hadsereg

Úvodník vo forme eseje [z pera statkára z Veľkých Ozoroviec] sa venuje uhorsko-rakúskym nezrovnalostiam - chýbajúcej parite medzi nimi, otázke uhorského vojska a chýbajúcich uhorských dôstojníkov

Podrobná bibliografia
Hlavný autor: Szemere, Emil 1848-1907 (Author)
Médium: Článok
Jazyk:Hungarian
Témy:
Zdroj: 1. Felsőmagyarországi Hirlap : Politikai lap 1. Roč. 7, č. 14 (17.02.1904), s. 1
LEADER 01667nab#a2200457#ar4500
001 000088521
003 SVKKK
005 20080312090204.0
008 080218d1904 xo |||||||||||||||b|hun
FMT
038 |a SVKKK 
040 |a SVKKK  |b slo  |e AACR2 
041 0 |a hun 
044 |a xo  |c SK 
080 |a 323.1:355/359  |2 1997 
080 |a 355/359  |2 1997 
080 |a 929 Szemere, Emil  |2 1997 
080 |a 821.511.141-4  |x (437.6)  |2 1997 
100 1 |a Szemere, Emil  |d 1848-1907  |4 aut 
242 1 0 |a Uhorská armáda  |c Emil Szemere  |y slo 
245 1 0 |a Magyar hadsereg  |c Emil Szemere 
500 |a Popis z mikrofilmu 
500 |a Dohľadané údaje viď.: Szinyei, J.: Magyar írók élete és munkái. 
520 2 |a Úvodník vo forme eseje [z pera statkára z Veľkých Ozoroviec] sa venuje uhorsko-rakúskym nezrovnalostiam - chýbajúcej parite medzi nimi, otázke uhorského vojska a chýbajúcich uhorských dôstojníkov 
650 0 4 |a politika vnútorná  |x rakúsko-uhorské nezrovnalosti 
650 0 4 |a eseje  |x literatúra maďarská 
600 1 4 |a Szemere, Emil  |c Szemerei  |d 1848-1907  |x statkár, publicista  |z Lastomír (Slovensko)  |x rodák  |y Kežmarok (Slovensko)  |x štúdium  |y Veľké Ozorovce (Slovensko)  |x pôsobenie 
655 4 |a hungariká 
655 4 |a eseje 
773 0 |t Felsőmagyarországi Hirlap : Politikai lap  |g Roč. 7, č. 14 (17.02.1904), s. 1 
957 |a Veľké Ozorovce 
957 |a Lastomír 
957 |a Uhorsko 
958 |a DG 
958 |a HU 
992 |a RBX 
997 |a Szemere Szemerei, Emil  |d Nagyazar p. Veľké Ozorovce  |4 070 
997 |d Lasztomér p. Lastomír 
BAS
852 |a SVKKK  |b BIB 
998 |a RETRO